000 00403nam a2200145 i 4500
001 78618
003 ES-MaACL
007 t|
008 041015s1922 fr ||||1| fre d
100 1 _aHauter, Charles.
_962133
245 1 0 _aReligion et réalité /
_cpar Charles Hauter.
260 _aStrasbourg :
_b[s.n.,
_c1922] (
_fImprimerie Alsacianne)
300 _a138 p. ;
_c26 cm.
852 _aES-MaACL
_jB-4550
999 _c78618
_d78618